... Final report ... (Record no. 36417)

MARC details
000 -LEADER
fixed length control field 01023cam a22002531 4500
001 - CONTROL NUMBER
control field l 43000004
003 - CONTROL NUMBER IDENTIFIER
control field DLC
005 - DATE AND TIME OF LATEST TRANSACTION
control field 20260227111538.0
008 - FIXED-LENGTH DATA ELEMENTS--GENERAL INFORMATION
fixed length control field 761110s1942 dcua f100 0 eng
010 ## - LIBRARY OF CONGRESS CONTROL NUMBER
LC control number l 43000004
035 ## - SYSTEM CONTROL NUMBER
System control number (OCoLC)2550181
040 ## - CATALOGING SOURCE
Original cataloging agency DLC
Transcribing agency ArCCA
Modifying agency ArCCA
-- OCoLC
-- Mo
-- DLC
042 ## - AUTHENTICATION CODE
Authentication code premarc
050 00 - LIBRARY OF CONGRESS CALL NUMBER
Classification number HV741
Item number .W67 1939-40f
082 ## - DEWEY DECIMAL CLASSIFICATION NUMBER
Classification number 362.706173
-- 362.706373
111 2# - MAIN ENTRY--MEETING NAME
Meeting name or jurisdiction name as entry element White House Conference on Children in a Democracy
Date of meeting or treaty signing (1939-1940 :
Location of meeting Washington, D.C.)
245 10 - TITLE STATEMENT
Title ... Final report ...
260 ## - PUBLICATION, DISTRIBUTION, ETC.
Place of publication, distribution, etc. [Washington,
Name of publisher, distributor, etc. U.S. Govt. print. off.,
Date of publication, distribution, etc. 1942]
300 ## - PHYSICAL DESCRIPTION
Extent xxii, 392 p.
Other physical details incl. illus. (maps) tables, diagrs.
Dimensions 25 cm.
490 0# - SERIES STATEMENT
Series statement [U. S. Children's bureau. Publication
Volume/sequential designation no. 272
500 ## - GENERAL NOTE
General note "Main sources of factual material included in final report": p. 390-392. "Publications of the White House conference on children in a democracy issued by the Children's bureau": p. ii.
650 #0 - SUBJECT ADDED ENTRY--TOPICAL TERM
Topical term or geographic name entry element Child welfare
Geographic subdivision United States
Form subdivision Congresses.
650 #0 - SUBJECT ADDED ENTRY--TOPICAL TERM
Topical term or geographic name entry element Child care
Form subdivision Congresses.

No items available.

Powered by Koha